000 00389nam a22001697a 4500
003 OSt
008 250403b |||||||| |||| 00| 0 eng d
020 _a9789353508746
082 _a658.4022
_bFOG
100 _aFORSYTH,Donelson R
245 _aGroup Dynamics
250 _a7th Ed
260 _aNew Delhi
_bCengage
_c2024
300 _a697
650 _aGroup Dynamics
942 _2ddc
_cBK
999 _c13249
_d13249